000 01666nam a22002897a 4500
003 MN-UlNLM
005 20241001085609.0
008 240826s2024 mp ||||| |||| 00| 0 mon d
040 _bmon
041 _amon
072 _aF02180101
_xУрлаг судлал
080 _210-t
_a741.6
_bТ 588
_q85
084 _210-t
_a741.6
_bТ 588
_q85
100 1 _aТөн Жэнжэн (Teng Zhenzhen)
110 _aБШУЯ, Сити их сургууль
245 0 _aӨмнөд хятадын гуаньжөү дэх хө шянгу домгийн "IP" бүтээх дизайны судалгаа
_cУдирд. д-р (Ph.D),проф. Ж.Долгорсүрэн, д-р (Ph.D),проф. Ж.Сайхан
260 0 _aУБ
_c2024
300 _a139х
_eCD
502 _bУрлаг судлалын ухааны докторын зэрэг горилсон нэг сэдэвт бүтээл
_cБШУЯ, Сити их сургууль
_d2024.04.16
504 _aНомзүй: Х.139-183
505 _tНэгдүгээр бүлэг. IP дизайны онолын үндэслэл --
_tХоёрдугаар бүлэг. Хө Шянгу домгийн IP дүрийн дизайн, IP дериватив бүтээгдэхүүн --
_tГуравдугаар бүлэг. IP дизайныг хөгжүүлэх стратеги --
_tЕрөнхий дүгнэлт --
_tНом зүй --
546 _amon
653 _aУрлаг
_aГрафик дизайн
_aХятадын домгийн хүүхэлдэйн киноны дүр
_aВизуал дүрсний дизайн
700 _aЖ.Долгорсүрэн
_aЖ.Сайхан
856 _adissertation
942 _cDIS
999 _c1145050
_d1145107